Catalysis : (Record no. 18424)

MARC details
000 -LEADER
fixed length control field 01128cam a2200313 i 4500
001 - CONTROL NUMBER
control field 015875410
003 - CONTROL NUMBER IDENTIFIER
control field EG-ScBUE
005 - DATE AND TIME OF LATEST TRANSACTION
control field 20250709093129.0
008 - FIXED-LENGTH DATA ELEMENTS--GENERAL INFORMATION
fixed length control field 110819t2012 gw a f b 001 0 eng d
020 ## - INTERNATIONAL STANDARD BOOK NUMBER
International Standard Book Number 9783527323494 (hbk.)
040 ## - CATALOGING SOURCE
Original cataloging agency StDuBDS
Language of cataloging eng
Description conventions rda
Transcribing agency StDuBDS
Modifying agency Uk
-- GE-ScBUE
-- EG-ScBUE
082 00 - DEWEY DECIMAL CLASSIFICATION NUMBER
Classification number 541.395
Edition number 22
Item number CAT
245 00 - TITLE STATEMENT
Title Catalysis :
Remainder of title from principles to applications /
Statement of responsibility, etc edited by Matthias Beller, Albert Renken and Rutger van Santen.
264 #1 - PUBLICATION, DISTRIBUTION, ETC. (IMPRINT)
Place of publication, distribution, etc Weinheim, Germany :
Name of publisher, distributor, etc Wiley-VCH Verlag & Co. KGaA,
Date of publication, distribution, etc [2012]
264 #4 - PUBLICATION, DISTRIBUTION, ETC. (IMPRINT)
Date of publication, distribution, etc c2012
300 ## - PHYSICAL DESCRIPTION
Extent xxii, 642 pages :
Other physical details illustrations ;
Dimensions 25 cm
336 ## - CONTENT TYPE
Source rdacontent
Content type term text
Content type code txt
337 ## - MEDIA TYPE
Media type term unmediated
Source rdamedia
Media type code n
338 ## - CARRIER TYPE
Carrier type term volume
Carrier type code nc
Source rdacarrier
500 ## - GENERAL NOTE
General note Reprint of the 2012 ed.
504 ## - BIBLIOGRAPHY, ETC. NOTE
Bibliography, etc Includes bibliographical references and index.<br/>
650 #7 - SUBJECT ADDED ENTRY--TOPICAL TERM
Topical term or geographic name as entry element Catalysis.
Source of heading or term BUEsh
9 (RLIN) 6273
653 ## - INDEX TERM--UNCONTROLLED
Resource For college Engineering, General
Arrived date list September2014
655 ## - INDEX TERM--GENRE/FORM
Form subdivision Reading book
9 (RLIN) 34232
700 1# - ADDED ENTRY--PERSONAL NAME
Personal name Beller, Matthias,
9 (RLIN) 36128
Relator term editor.
700 1# - ADDED ENTRY--PERSONAL NAME
Personal name Renken, Albert,
9 (RLIN) 36129
Dates associated with a name 1941-
Relator term editor.
700 1# - ADDED ENTRY--PERSONAL NAME
Personal name Santen, R. A. van
Fuller form of name (Rutger A.)
Relator term editor.
9 (RLIN) 36130
942 ## - ADDED ENTRY ELEMENTS (KOHA)
Source of classification or shelving scheme Dewey Decimal Classification
Koha item type Book - Borrowing
Holdings
Withdrawn status Lost status Source of classification or shelving scheme Damaged status Not for loan Collection code Home library Current library Shelving location Date acquired Source of acquisition Total Checkouts Full call number Barcode Date last seen Date checked out Koha item type
    Dewey Decimal Classification     Baccah Central Library Central Library First floor 30/09/2014 Purchase 1 541.395 CAT 000036458 15/07/2025 19/10/2014 Book - Borrowing